00311nam a2200109Ia 4500008004000000082001600040100004300056245002700099250000500126260005700131300001300188210210b1998 xxu||||| |||| 00| 0 eng d a828.51 OSBP aOSBORN (Michael) and OSBORN (Suzanne). aPublic speaking. Ed 3. a aDelhi.bA.I.T.B.S. Publishers & Distributors.,c1998 axxii,111